มุมมองปกติ
มุมมองแบบ MARC
- Turkey
รายการ Geographic Name
001 - CONTROL NUMBER
- control field: 35115
003 - CONTROL NUMBER IDENTIFIER
- control field: NALT
005 - DATE AND TIME OF LATEST TRANSACTION
- control field: 20181212155223.0
008 - FIXED-LENGTH DATA ELEMENTS
- fixed length control field: 181212|| aca||aabn | a|a d
040 ## - CATALOGING SOURCE
- Original cataloging agency: NALT
151 ## - HEADING--GEOGRAPHIC NAME
- Geographic name: Turkey
- General subdivision: History
- Chronological subdivision: Ottoman Empire, 1288-1918
- General subdivision: Addresses, essays, lectures
